000 00636nam a2200193Ia 4500
005 20250508151200.0
008 008 250505s9999 xx 000 0 eng d
037 _aTextual
040 _aFEDL
_beng
_cFEDL
041 _aeng
_2eng
084 _a370.4, UNI
_qFEDL
245 0 _aHumanism and education in East and West : An international round table discussion organized by Unesco
245 0 _cUNESCO (Paris France)
260 _aParis, France
_bUnited Nation Educational Scientfic and Cultural Orgnization
_c1953
300 _a224p
650 _aEducation
942 _cTEXL
_h370.4, UNI
999 _c1328114
_d1328114